How to get rich & stay rich
| Main Author: | |
|---|---|
| Other Authors: | |
| Format: | Book |
| Published: |
Kuala Lumpur :
Golden Books Centre ,
1988
|
| Edition: | Updated & Revised |
| Subjects: |
MARC
| LEADER | 00000cam a2200000 7i4500 | ||
|---|---|---|---|
| 001 | 0000005072 | ||
| 005 | 20020606.0 | ||
| 020 | |a 9679959546 | ||
| 090 | 0 | 0 | |a 171.3 |b YOU |
| 100 | 1 | |a Young, Fred J. | |
| 245 | 1 | 0 | |a How to get rich & stay rich |c Fred J.Tonny ; with a foreword by Beryl W. Sprinkel |
| 250 | |a Updated & Revised | ||
| 260 | |a Kuala Lumpur : |b Golden Books Centre , |c 1988 | ||
| 300 | |a 166p. ; |c 22cm. | ||
| 650 | 0 | 0 | |a Success |
| 700 | 1 | |a Sprinkel, Beryl W | |
| 999 | |a 033296 |b BUKU |c PINJAMAN |e PERPUSTAKAAN KOMUNITI PETALING JAYA | ||